000 01665nam a22004337a 4500
001 000095791
003 CHAP
005 20220817044113.0
008 060524d2005 mx abd r 00110 spa d
010 _a92257
011 _a93229
035 _a103801
040 _cCHAP
090 _aTesis
100 1 _aLópez Martínez, Hermelo.
_968084
245 1 0 _aProblemas de desarrollo rural en México :
_b(cabecera municipal de San Pedro Quiatoni, Oaxaca) /
_c/por Hermelo López Martínez.
260 _aChapingo, Méx. :
_bEl autor,
_c2005.
300 _a81 h. :
_bilus. ; gráfs. ; mapas ; cadros.
502 _aTesis (Lic. en Economía Agrícola) -- UACH. División de Ciencias Económico Administrativas
590 _aALEPH
_b10
_c20130110
_lUCH01
_h1512
590 _aBATCH-UPD
_b10
_c20130110
_lUCH01
_h0400
590 _aBATCH-UPD
_b10
_c20130410
_lUCH01
_h0033
590 _aBATCH-UPD
_b10
_c20130914
_lUCH01
_h1147
590 _aBATCH-UPD
_b10
_c20140324
_lUCH01
_h1457
590 _aBATCH-UPD
_b10
_c20141002
_lUCH01
_h0830
590 _aCONVERSION
_b10
_c20130109
_lUCH01
_h1351
590 _aE5765TAJ
_b10
_c20130613
_lUCH01
_h0924
650 1 4 _aDesarrollo de la comunidad rural
_zOaxaca.
_932043
650 1 4 _aDesarrollo rural.
_932067
650 1 4 _aDesarrollo sustentable
_zOaxaca.
_932106
650 1 4 _aMéxico
_xCondiciones rurales.
856 _3Finding aid
_uhttp://10.13.5.2/tesis/103801.pdf
_zTeclea aquí
901 _aBK
905 _aMarco A. Mendoza T.
942 _cCD
942 _n0
949 _aTesis
_bBC
_cTES
_d00000001038011
_eTS1
_gDonaciØn
_h45288
_i103801
_sb
949 _aTesis
_bBC
_cTES
_d33724000999322
_eTS2
_fc.2
_gDonaciØn
_h45289
_i103801
_sb
999 _c92257
_d92257